La creación /

Na minha lista:
Detalhes bibliográficos
Formato: Livro
Idioma:espanhol
Publicado em: México : Museo Amparo, 1994
Tags: Adicionar Tag
Sem tags, seja o primeiro a adicionar uma tag!

MARC

LEADER 00000nam^a2200000^a^4500
001 000425961
005 20250526000000.0
009 20260310122730.33
037 |a Acervo ITESO - Biblioteca 
041 |a ESP 
091 |a FHM. 02581 
245 0 3 |a La creación / 
264 1 |a México :  |b Museo Amparo,  |c 1994 
300 |a 1 v. (varias paginaciones) ;  |c 22.0 cm. 
336 |a texto  |b txt  |2 rdacontenido 
337 |a sin mediación  |b n  |2 rdamedio 
338 |a volumen  |b nc  |2 rdasoporte 
649 |a XX 
910 |a Fondo Hugo B. Margáin 
920 |a Impresos - Libros 
930 |a Libros Antiguos y Raros 
905 |a 126 
901 |a 0500304191  |b IT2  |c LRA  |i D111154  |u 20250526 
902 |a https://opac.biblio.iteso.mx/vufind/Record/000425961